LDR 00984naa#a2200193#i#450# 001 EN\\bibl\121300 005 20260514071838.4 011 ## _a1994-4683 100 ## _a20230803b2023####ek#y0engy0150####ca 102 ## _aRU 200 1# _aTHE IMPORTANCE OF ELECTROMYOGRAPHIC TRAINING IN THE TECHNICAL TRAINING OF SWIMMERS _eJournal article 210 1# _aMoscow _cNational State University of Physical Education, Sports and Health named after P.F. Lesgaft _d2023 215 ## _a4 с. 608 ## _aJournal article _2local 675 ## _aКинематика. Спортивные движения. Учение о двигательных (моторных) функциях человеческого тела Психологические, анатомические и физиологические признаки и характеристики обозначать с помощью :159.9..., :611..., :612.... 796.012 _z 700 #1 _a _g 700 #1 _a _g 700 #1 _a _g 856 4# _auchzapiski.lesgaft.spb.ru _u